| 000 | 00628nam a22001817a 4500 | ||
|---|---|---|---|
| 003 | BD-DhUL | ||
| 005 | 20180520133005.0 | ||
| 008 | 180520s1968 ii ||||| |||| 00| 0 ben d | ||
| 040 |
_aBD-DhUL _cBD-DhUL |
||
| 082 |
_a891.443 _bBAS |
||
| 100 | 1 | _aসাহা, বাসুদেব | |
| 245 | 0 | 0 |
_aসুজাতা / _cবাসুদেব সাহা |
| 260 |
_aকলিকাতা : _bসেন্ট্রাল লাইব্রেরী, _c১৯৬৮। |
||
| 300 |
_a৫০ পৃ. ; _c ২০ সেমি. |
||
| 650 | 4 | _aবাংলা উপন্যাস | |
| 650 | 4 | _aBengali fiction | |
| 942 |
_2ddc _cBK |
||
| 999 |
_c241402 _d241402 |
||